中国所有县级市(含地图) - Statistics

General Stats
  • This quiz has been taken 631 times
  • The average score is 160 of 397
Answers on the Map
Answers color-coded by a green-red scale on the quiz's map according to % correct below.
 
Answer Stats
省份 县级市 Type ins % Correct
江苏省 昆山市 昆山
75%
江苏省 启东市 启东
73%
江苏省 张家港市 张家港
72%
江苏省 江阴市 江阴
70%
江苏省 常熟市 常熟
70%
江苏省 太仓市 太仓
70%
浙江省 义乌市 义乌
69%
江苏省 宜兴市 宜兴
66%
浙江省 慈溪市 慈溪
66%
湖北省 仙桃市 仙桃
65%
海南省 东方市 东方
65%
甘肃省 敦煌市 敦煌
65%
内蒙古自治区 满洲里市 满洲里
64%
湖北省 潜江市 潜江
64%
湖北省 天门市 天门
64%
海南省 五指山市 五指山
64%
河北省 三河市 三河
63%
黑龙江省 漠河市 漠河
63%
广东省 雷州市 雷州
63%
海南省 文昌市 文昌
63%
江苏省 高邮市 高邮
62%
江苏省 丹阳市 丹阳
61%
江苏省 扬中市 扬中
61%
福建省 晋江市 晋江
61%
浙江省 海宁市 海宁
60%
四川省 西昌市 西昌
60%
内蒙古自治区 二连浩特 二连浩特
59%
江苏省 溧阳市 溧阳
59%
江苏省 句容市 句容
59%
浙江省 余姚市 余姚
59%
浙江省 东阳市 东阳
59%
河南省 济源市 济源
59%
陕西省 神木市 神木
59%
青海省 格尔木市 格尔木
59%
新疆维吾尔自治区 石河子市 石河子
59%
浙江省 温岭市 温岭
58%
安徽省 天长市 天长
58%
海南省 琼海市 琼海
58%
云南省 香格里拉 香格里拉
58%
江苏省 邳州市 邳州
57%
江苏省 仪征市 仪征
57%
山东省 胶州市 胶州
57%
湖北省 恩施市 恩施
57%
海南省 万宁市 万宁
57%
四川省 都江堰市 都江堰
57%
云南省 大理市 大理
57%
青海省 德令哈市 德令哈
57%
新疆维吾尔自治区 和田市 和田
56%
江苏省 如皋市 如皋
55%
江苏省 泰兴市 泰兴
55%
安徽省 巢湖市 巢湖
55%
山东省 曲阜市 曲阜
55%
四川省 简阳市 简阳
55%
四川省 康定市 康定
55%
新疆维吾尔自治区 伊宁市 伊宁
55%
新疆维吾尔自治区 阿勒泰市 阿勒泰
55%
浙江省 诸暨市 诸暨
54%
福建省 石狮市 石狮
54%
福建省 武夷山市 武夷山
54%
山东省 荣成市 荣成
54%
青海省 玉树市 玉树
54%
新疆维吾尔自治区 铁门关市 铁门关
54%
新疆维吾尔自治区 胡杨河市 胡杨河
54%
新疆维吾尔自治区 喀什市 喀什
54%
吉林省 延吉市 延吉
53%
黑龙江省 抚远市 抚远
53%
江苏省 靖江市 靖江
53%
浙江省 乐清市 乐清
53%
浙江省 江山市 江山
53%
四川省 马尔康市 马尔康
53%
云南省 文山市 文山
53%
江苏省 新沂市 新沂
52%
浙江省 建德市 建德
52%
浙江省 平湖市 平湖
52%
山东省 莱阳市 莱阳
52%
新疆维吾尔自治区 昆玉市 昆玉
52%
新疆维吾尔自治区 阿克苏市 阿克苏
52%
河北省 涿州市 涿州
51%
河北省 黄骅市 黄骅
51%
内蒙古自治区 乌兰浩特 乌兰浩特
51%
吉林省 公主岭市 公主岭
51%
江苏省 兴化市 兴化
51%
浙江省 玉环市 玉环
51%
江西省 井冈山市 井冈山
51%
山东省 乳山市 乳山
51%
云南省 芒市
51%
甘肃省 临夏市 临夏
51%
新疆维吾尔自治区 阿拉尔市 阿拉尔
51%
新疆维吾尔自治区 库尔勒市 库尔勒
51%
新疆维吾尔自治区 塔城市 塔城
51%
内蒙古自治区 锡林浩特 锡林浩特
50%
江苏省 海安市 海安
50%
江苏省 东台市 东台
50%
浙江省 瑞安市 瑞安
50%
浙江省 桐乡市 桐乡
50%
河南省 新郑市 新郑
50%
湖南省 浏阳市 浏阳
50%
云南省 楚雄市 楚雄
50%
云南省 景洪市 景洪
50%
新疆维吾尔自治区 五家渠市 五家渠
50%
新疆维吾尔自治区 北屯市 北屯
50%
福建省 福清市 福清
49%
山东省 莱州市 莱州
49%
湖南省 吉首市 吉首
49%
贵州省 凯里市 凯里
49%
甘肃省 玉门市 玉门
49%
新疆维吾尔自治区 可克达拉 可克达拉
49%
河北省 高碑店市 高碑店
48%
辽宁省 瓦房店市 瓦房店
48%
浙江省 龙港市 龙港
48%
浙江省 嵊州市 嵊州
48%
浙江省 临海市 临海
48%
山东省 莱西市 莱西
48%
山东省 滕州市 滕州
48%
山东省 青州市 青州
48%
云南省 腾冲市 腾冲
48%
云南省 瑞丽市 瑞丽
48%
甘肃省 合作市 合作
48%
青海省 茫崖市 茫崖
48%
新疆维吾尔自治区 图木舒克 图木舒克
48%
新疆维吾尔自治区 新星市 新星
48%
新疆维吾尔自治区 昌吉市 昌吉
48%
新疆维吾尔自治区 霍尔果斯 霍尔果斯
48%
河北省 定州市 定州
47%
安徽省 宁国市 宁国
47%
福建省 福鼎市 福鼎
47%
江西省 瑞金市 瑞金
47%
山东省 平度市 平度
47%
河南省 登封市 登封
47%
湖北省 丹江口市 丹江口
47%
内蒙古自治区 根河市 根河
46%
黑龙江省 绥芬河市 绥芬河
46%
浙江省 永康市 永康
46%
山东省 龙口市 龙口
46%
山东省 寿光市 寿光
46%
四川省 广汉市 广汉
46%
四川省 峨眉山市 峨眉山
46%
贵州省 兴义市 兴义
46%
云南省 个旧市 个旧
46%
新疆维吾尔自治区 双河市 双河
46%
河北省 迁安市 迁安
45%
安徽省 无为市 无为
45%
贵州省 都匀市 都匀
45%
内蒙古自治区 阿尔山市 阿尔山
44%
黑龙江省 五大连池 五大连池
44%
河南省 巩义市 巩义
44%
河南省 林州市 林州
44%
湖北省 赤壁市 赤壁
44%
广东省 陆丰市 陆丰
44%
广东省 普宁市 普宁
44%
河北省 霸州市 霸州
43%
辽宁省 庄河市 庄河
43%
黑龙江省 五常市 五常
43%
浙江省 兰溪市 兰溪
43%
安徽省 界首市 界首
43%
安徽省 广德市 广德
43%
江西省 共青城市 共青城
43%
山东省 招远市 招远
43%
山东省 海阳市 海阳
43%
湖北省 老河口市 老河口
43%
广东省 开平市 开平
43%
广东省 高州市 高州
43%
广东省 英德市 英德
43%
四川省 绵竹市 绵竹
43%
四川省 江油市 江油
43%
贵州省 仁怀市 仁怀
43%
云南省 泸水市 泸水
43%
陕西省 华阴市 华阴
43%
宁夏回族自治区 灵武市 灵武
43%
新疆维吾尔自治区 博乐市 博乐
43%
吉林省 图们市 图们
42%
山东省 栖霞市 栖霞
42%
山东省 高密市 高密
42%
河南省 荥阳市 荥阳
42%
湖北省 利川市 利川
42%
广东省 化州市 化州
42%
四川省 什邡市 什邡
42%
四川省 阆中市 阆中
42%
云南省 蒙自市 蒙自
42%
新疆维吾尔自治区 阿拉山口 阿拉山口
42%
江西省 庐山市 庐山
41%
河南省 邓州市 邓州
41%
湖北省 监利市 监利
41%
广东省 连州市 连州
41%
陕西省 韩城市 韩城
41%
新疆维吾尔自治区 白杨市 白杨
41%
新疆维吾尔自治区 奎屯市 奎屯
41%
福建省 福安市 福安
40%
山西省 汾阳市 汾阳
39%
内蒙古自治区 额尔古纳 额尔古纳
39%
吉林省 珲春市 珲春
39%
安徽省 桐城市 桐城
39%
安徽省 明光市 明光
39%
福建省 建瓯市 建瓯
39%
山东省 邹城市 邹城
39%
湖北省 麻城市 麻城
39%
湖南省 宁乡市 宁乡
39%
湖南省 冷水江市 冷水江
39%
广东省 南雄市 南雄
39%
四川省 彭州市 彭州
39%
四川省 邛崃市 邛崃
39%
四川省 崇州市 崇州
39%
宁夏回族自治区 青铜峡市 青铜峡
39%
新疆维吾尔自治区 阿图什市 阿图什
39%
河北省 滦州市 滦州
38%
内蒙古自治区 牙克石市 牙克石
38%
浙江省 龙泉市 龙泉
38%
福建省 南安市 南安
38%
山东省 诸城市 诸城
38%
河南省 灵宝市 灵宝
38%
湖南省 韶山市 韶山
38%
河北省 遵化市 遵化
37%
辽宁省 海城市 海城
37%
辽宁省 东港市 东港
37%
广东省 罗定市 罗定
37%
贵州省 赤水市 赤水
37%
云南省 宣威市 宣威
37%
西藏自治区 错那市 错那
37%
新疆维吾尔自治区 库车市 库车
37%
河北省 辛集市 辛集
36%
河北省 武安市 武安
36%
山西省 侯马市 侯马
36%
内蒙古自治区 扎兰屯市 扎兰屯
36%
辽宁省 灯塔市 灯塔
36%
吉林省 梅河口市 梅河口
36%
黑龙江省 嫩江市 嫩江
36%
河南省 禹州市 禹州
36%
辽宁省 调兵山市 调兵山
35%
河南省 新密市 新密
35%
湖北省 大冶市 大冶
35%
湖北省 钟祥市 钟祥
35%
广东省 恩平市 恩平
35%
广东省 廉江市 廉江
35%
广东省 吴川市 吴川
35%
广西壮族自治区 东兴市 东兴
35%
广西壮族自治区 凭祥市 凭祥
35%
四川省 射洪市 射洪
35%
贵州省 盘州市 盘州
35%
云南省 水富市 水富
35%
西藏自治区 米林市 米林
35%
陕西省 子长市 子长
35%
河北省 安国市 安国
34%
河北省 任丘市 任丘
34%
内蒙古自治区 霍林郭勒 霍林郭勒
34%
黑龙江省 同江市 同江
34%
河南省 永城市 永城
34%
湖北省 枝江市 枝江
34%
湖北省 枣阳市 枣阳
34%
湖北省 洪湖市 洪湖
34%
湖南省 醴陵市 醴陵
34%
广东省 鹤山市 鹤山
34%
广东省 四会市 四会
34%
四川省 华蓥市 华蓥
34%
四川省 会理市 会理
34%
河北省 深州市 深州
33%
山西省 怀仁市 怀仁
33%
山西省 介休市 介休
33%
辽宁省 北票市 北票
33%
吉林省 集安市 集安
33%
吉林省 敦化市 敦化
33%
山东省 昌邑市 昌邑
33%
山东省 肥城市 肥城
33%
河南省 舞钢市 舞钢
33%
河南省 义马市 义马
33%
湖北省 宜都市 宜都
33%
广东省 台山市 台山
33%
陕西省 彬州市 彬州
33%
青海省 同仁市 同仁
33%
河北省 晋州市 晋州
32%
山西省 永济市 永济
32%
辽宁省 盖州市 盖州
32%
黑龙江省 尚志市 尚志
32%
安徽省 潜山市 潜山
32%
四川省 万源市 万源
32%
河北省 河间市 河间
31%
山西省 古交市 古交
31%
山西省 霍州市 霍州
31%
内蒙古自治区 丰镇市 丰镇
31%
吉林省 龙井市 龙井
31%
黑龙江省 虎林市 虎林
31%
黑龙江省 北安市 北安
31%
福建省 邵武市 邵武
31%
山东省 邹平市 邹平
31%
河南省 项城市 项城
31%
湖南省 耒阳市 耒阳
31%
湖南省 汨罗市 汨罗
31%
湖南省 津市市
31%
广东省 信宜市 信宜
31%
山西省 原平市 原平
30%
山西省 孝义市 孝义
30%
辽宁省 凤城市 凤城
30%
黑龙江省 肇东市 肇东
30%
江西省 樟树市 樟树
30%
山东省 安丘市 安丘
30%
山东省 禹城市 禹城
30%
山东省 临清市 临清
30%
湖北省 当阳市 当阳
30%
湖北省 宜城市 宜城
30%
湖北省 汉川市 汉川
30%
湖北省 松滋市 松滋
30%
湖北省 武穴市 武穴
30%
湖北省 广水市 广水
30%
湖南省 湘乡市 湘乡
30%
广东省 乐昌市 乐昌
30%
广东省 阳春市 阳春
30%
贵州省 黔西市 黔西
30%
辽宁省 凌海市 凌海
29%
吉林省 蛟河市 蛟河
29%
黑龙江省 东宁市 东宁
29%
江西省 龙南市 龙南
29%
山东省 新泰市 新泰
29%
河南省 卫辉市 卫辉
29%
河南省 辉县市 辉县
29%
河南省 长葛市 长葛
29%
广东省 兴宁市 兴宁
29%
广西壮族自治区 平果市 平果
29%
云南省 安宁市 安宁
29%
云南省 弥勒市 弥勒
29%
河北省 沙河市 沙河
28%
河北省 平泉市 平泉
28%
河北省 泊头市 泊头
28%
山西省 河津市 河津
28%
辽宁省 新民市 新民
28%
辽宁省 大石桥市 大石桥
28%
辽宁省 凌源市 凌源
28%
吉林省 榆树市 榆树
28%
吉林省 扶余市 扶余
28%
黑龙江省 讷河市 讷河
28%
黑龙江省 铁力市 铁力
28%
黑龙江省 安达市 安达
28%
福建省 永安市 永安
28%
江西省 丰城市 丰城
28%
河南省 汝州市 汝州
28%
河南省 孟州市 孟州
28%
湖北省 石首市 石首
28%
广西壮族自治区 横州市 横州
28%
广西壮族自治区 桂平市 桂平
28%
四川省 隆昌市 隆昌
28%
陕西省 旬阳市 旬阳
28%
河北省 南宫市 南宫
27%
辽宁省 开原市 开原
27%
吉林省 临江市 临江
27%
黑龙江省 富锦市 富锦
27%
福建省 漳平市 漳平
27%
江西省 瑞昌市 瑞昌
27%
湖北省 京山市 京山
27%
湖南省 邵东市 邵东
27%
湖南省 沅江市 沅江
27%
新疆维吾尔自治区 沙湾市 沙湾
27%
山西省 高平市 高平
26%
辽宁省 北镇市 北镇
26%
辽宁省 兴城市 兴城
26%
吉林省 德惠市 德惠
26%
吉林省 双辽市 双辽
26%
吉林省 和龙市 和龙
26%
江西省 高安市 高安
26%
广西壮族自治区 荔浦市 荔浦
26%
贵州省 清镇市 清镇
26%
陕西省 兴平市 兴平
26%
新疆维吾尔自治区 阜康市 阜康
26%
新疆维吾尔自治区 乌苏市 乌苏
26%
黑龙江省 宁安市 宁安
25%
湖北省 安陆市 安陆
25%
湖南省 临湘市 临湘
25%
云南省 澄江市 澄江
25%
甘肃省 华亭市 华亭
25%
吉林省 舒兰市 舒兰
24%
吉林省 磐石市 磐石
24%
吉林省 洮南市 洮南
24%
吉林省 大安市 大安
24%
黑龙江省 密山市 密山
24%
黑龙江省 海林市 海林
24%
黑龙江省 海伦市 海伦
24%
江西省 贵溪市 贵溪
24%
河南省 沁阳市 沁阳
24%
湖南省 武冈市 武冈
24%
广西壮族自治区 北流市 北流
24%
贵州省 兴仁市 兴仁
24%
云南省 开远市 开远
24%
河北省 新乐市 新乐
23%
山东省 乐陵市 乐陵
23%
湖南省 涟源市 涟源
23%
吉林省 桦甸市 桦甸
22%
江西省 乐平市 乐平
22%
河南省 长垣市 长垣
22%
湖北省 应城市 应城
22%
湖南省 资兴市 资兴
22%
湖南省 洪江市 洪江
22%
贵州省 福泉市 福泉
22%
云南省 禄丰市 禄丰
22%
江西省 德兴市 德兴
21%
湖南省 祁阳市 祁阳
21%
广西壮族自治区 靖西市 靖西
21%
黑龙江省 穆棱市 穆棱
20%
广西壮族自治区 合山市 合山
18%
湖南省 常宁市 常宁
17%
广西壮族自治区 岑溪市 岑溪
17%
No matching quizzes found
Score Distribution
Percent of People with Each Score
Percentile by Number Answered
Your Score History
You have not taken this quiz